Statystyki dla Polscy Piłkarze

Kliknij tutaj aby rozwiązać quiz!

Ogólne statystyki

  • Ten quiz został rozwiązany 626 razy
  • Średni wynik to 7 z 9

Statystyki odpowiedzi

Odpowiedź% Poprawnych
Zalewski
96%
Lewandowski
95%
Szczęsny
95%
Krychowiak
91%
Cash
90%
Piątek
78%
Klich
56%
Moder
54%
Linetty
49%

Rozkład punktacji

Percentyl według liczby udzielonych odpowiedzi

Procent ludzi z każdym wynikiem

Twoja historia wyników

Nie rozwiązałeś tego quizu